000 00600nam a2200193Ia 4500
001 11888
003 GE_BSU
008 181216s||||||||xx |||||||||||||| ||und||
040 _cGE_BSU
080 _a633.31:631
245 _aЛюцена Тяньшанская и опыт ее интродукции
245 _cРед.И.М.Культиасов.Худ.А.А.Люминарский
260 _aМосква
260 _bНаука
260 _c1967
300 _a286стр.ил.22см.
653 _aЛюцена Тяньшанская и опыт ее интродукции
942 _cBK
999 _c45065
_d45065